Prénom dans Harry Potter finissant par -t - Statistiques

Statistiques générales
  • Ce quiz a été pris 117 fois
  • Le résultat moyen est 4 sur 6
Statistiques - réponses
Nom de famille Prénom % Correct
Dragonneau Norbert
99%
Crabbe Vincent
90%
Grindelwald Gellert
87%
Bulstrode Millicent
64%
Binns Cuthbert
55%
Runcorn Albert
45%
Aucun quiz correspondant
Distribution des résultats
% des personnes avec chaque résultat
Percentile par nombre de réponses
Votre historique - résultats
Vous n’avez pas pris ce quiz